000 01087nam a22002537a 4500
005 20170124103214.0
010 _aB-082751
020 _c250.00
_a8173151954
035 _aB-082751
037 _bCen Lib/Ret
040 _aDPL
_bHN
082 _a350.003
_bभाटिया
100 _aभाटिया, कैलाशचंद्र
_942649
245 _aअंग्रेज़ी-हिंदी प्रशासनिक कोश /
_cकैलाशचंद्र भाटिया
246 _aAngrezi-Hindi prashasnik kosh /
_bby Kailash Chandra Bhatia
260 _aनई दिल्ली
_bप्रभात प्रकाशन
_c2004
270 _a4/19 असफ अली रोड
_bनई दिल्ली
_e110002
300 _a222पृ.
_c21सेमी(सजिल्द)
650 _aहिंदी कोश
_997119
650 _aप्रशासनिक कोश
_945298
650 _aHindi Dictionary
_997120
650 _aAdministrative thesaurus
_997121
942 _2ddc
_cHN
_h350.003
_mभाटिया
999 _c121407
_d121407